[Event "Hradec Kralove Region-chT 2223"]
[Site "Czech Republic"]
[Date "2023.02.26"]
[Round "9.3"]
[White "Zelba, Lukas"]
[Black "Stepan, Michal"]
[Result "0-1"]
[WhiteElo "1942"]
[BlackElo "2088"]
[PlyCount "74"]
[EventDate "2022.10.09"]
[EventType "team-tourn"]
[EventRounds "11"]
[EventCountry "CZE"]
[SourceTitle "EXT 2024"]
[Source "ChessBase"]
[SourceDate "2023.10.10"]
[SourceVersion "1"]
[SourceVersionDate "2023.10.10"]
[SourceQuality "1"]

1. Nf3 Nc6 2. d4 d5 3. e3 Bg4 4. c4 e5 5. Be2 exd4 6. exd4 dxc4 7. Qa4 Bb4+ 8. Bd2 Bxd2+ 9. Nbxd2 Nge7 10. 0-0-0 0-0 11. Nxc4 Nd5 12. Nce5 Bf5 13. g3 Ncb4 14. Nd3 Re8 15. Nfe5 a5 16. a3 f6 17. axb4 fxe5 18. Nxe5 axb4 19. Qb3 h6 20. Bd3 Bxd3 21. Qxd3 Ra1+ 22. Kc2 Ra6 23. f4 Rd6 24. Rhe1 Ree6 25. Qf5 Rf6 26. Qe4 Qe8 27. Nc4 b3+ 28. Kd3 Nb4+ 29. Kc3 Rde6 30. Ne5 Qb5 31. Kd2 Nd5 32. Ra1 g6 33. Ra8+ Kg7 34. Rc1 c6 35. Qd3 Qb4+ 36. Ke2 Rxf4 37. Rc4 Rxe5+ 0-1

[Event "Hradec Kralove Region-chT 2223"]
[Site "Czech Republic"]
[Date "2022.11.27"]
[Round "4.3"]
[White "Rokos, Filip"]
[Black "Stepan, Michal"]
[Result "0-1"]
[WhiteElo "2054"]
[BlackElo "2088"]
[PlyCount "122"]
[EventDate "2022.10.09"]
[EventType "team-tourn"]
[EventRounds "11"]
[EventCountry "CZE"]
[SourceTitle "EXT 2024"]
[Source "ChessBase"]
[SourceDate "2023.10.10"]
[SourceVersion "1"]
[SourceVersionDate "2023.10.10"]
[SourceQuality "1"]

1. e4 d6 2. d4 Nf6 3. Nc3 g6 4. f3 Nbd7 5. Be3 c6 6. Qd2 b5 7. a3 a6 8. Nh3 Qc7 9. Nf2 Bb7 10. Be2 c5 11. 0-0 Bg7 12. Rad1 0-0 13. d5 Rfe8 14. f4 Rad8 15. Bf3 Nb6 16. b3 e6 17. Rfe1 exd5 18. Nxd5 Nfxd5 19. exd5 f5 20. Qd3 Qf7 21. c4 bxc4 22. bxc4 Na4 23. Qb3 Qd7 24. Rb1 Rb8 25. Bd2 h6 26. Re6 Kh7 27. Rxe8 Qxe8 28. Bd1 Nb2 29. Rxb2 Bxb2 30. Qxb2 Bxd5 31. Qc3 Bc6 32. Bc2 Qe6 33. Qd3 Rd8 34. g4 Rf8 35. h3 d5 36. cxd5 Bxd5 37. Qe3 Qxe3 38. Bxe3 Re8 39. Nd1 fxg4 40. hxg4 Bf3 41. Kf2 Bxg4 42. Nc3 Rc8 43. Kg3 Bf5 44. Bd1 c4 45. Bd4 Rd8 46. Be5 Rd3+ 47. Kf2 h5 48. Be2 Rd2 49. Ke3 Rc2 50. Bxc4 h4 51. Bxa6 h3 52. Bb7 h2 53. Ne2 Bd7 54. Ng3 Bc6 55. Bxc6 Rxc6 56. Kf2 Rc2+ 57. Kf1 Kh6 58. Bd6 Kg7 59. Nh1 Kf6 60. a4 Ra2 61. Bc5 Kf5 0-1

[Event "CZE-chT2D 1920"]
[Site "Czech Republic"]
[Date "2020.01.26"]
[Round "7.7"]
[White "Bohac, Lubos"]
[Black "Stepan, Michal"]
[Result "0-1"]
[WhiteElo "1587"]
[BlackElo "2087"]
[PlyCount "72"]
[EventDate "2019.10.13"]
[EventType "team-tourn"]
[EventRounds "11"]
[EventCountry "CZE"]
[SourceTitle "EXT 2024"]
[Source "ChessBase"]
[SourceDate "2023.10.10"]
[SourceVersion "1"]
[SourceVersionDate "2023.10.10"]
[SourceQuality "1"]
[WhiteTeam "Lanskroun"]
[BlackTeam "Hradec Kralove Slavia"]
[WhiteTeamCountry "CZE"]
[BlackTeamCountry "CZE"]

1. e4 Nc6 2. d4 d5 3. e5 f6 4. exf6 Nxf6 5. Nc3 e5 6. dxe5 Nxe5 7. Qd4 Bd6 8. Bg5 c6 9. 0-0-0 0-0 10. Bd3 Qa5 11. Kb1 Nfg4 12. Be3 Be6 13. Nh3 Kh8 14. Bxh7 c5 15. Qa4 Qxa4 16. Nxa4 Nxe3 17. fxe3 Bxh3 18. gxh3 Kxh7 19. Rxd5 Rad8 20. Nxc5 Bxc5 21. Rxc5 Rfe8 22. b3 Nc6 23. e4 Rxe4 24. Rf1 Rd7 25. Rf8 Rh4 26. Rc3 Nd4 27. Re3 Rh6 28. Ree8 Rc6 29. c4 Ne6 30. Rh8+ Kg6 31. h4 Rd2 32. h5+ Kf7 33. h4 Rh2 34. Ra8 Rd6 35. Kc1 Rdd2 36. h6 Rxa2 0-1

[Event "CZE-chT2D 1920"]
[Site "Czech Republic"]
[Date "2019.12.15"]
[Round "5.7"]
[White "Komarkova, Magdalena"]
[Black "Stepan, Michal"]
[Result "1-0"]
[WhiteElo "2000"]
[BlackElo "2087"]
[PlyCount "51"]
[EventDate "2019.10.13"]
[EventType "team-tourn"]
[EventRounds "11"]
[EventCountry "CZE"]
[SourceTitle "EXT 2024"]
[Source "ChessBase"]
[SourceDate "2023.10.10"]
[SourceVersion "1"]
[SourceVersionDate "2023.10.10"]
[SourceQuality "1"]
[WhiteTeam "Policka Stefanydes"]
[BlackTeam "Hradec Kralove Slavia"]
[WhiteTeamCountry "CZE"]
[BlackTeamCountry "CZE"]

1. e4 c5 2. Nf3 Nc6 3. d4 cxd4 4. Nxd4 Nf6 5. Nc3 e5 6. Ndb5 d6 7. Nd5 Nxd5 8. exd5 Nb8 9. c4 Be7 10. Be3 a6 11. Nc3 0-0 12. Bd3 f5 13. f3 Nd7 14. 0-0 Bg5 15. Qe2 Bxe3+ 16. Qxe3 Nc5 17. Bc2 f4 18. Qf2 Bf5 19. Rfd1 Rc8 20. Rac1 b6 21. Bxf5 Rxf5 22. b4 Nd7 23. Ne4 Nf6 24. c5 dxc5 25. bxc5 Nxd5 26. Qd2 1-0

[Event "CZE-chT2C 1819"]
[Site "Czech Republic"]
[Date "2019.02.24"]
[Round "9.6"]
[White "Stepan, Michal"]
[Black "Stolc, Martin"]
[Result "1/2-1/2"]
[WhiteElo "2087"]
[BlackElo "2004"]
[PlyCount "56"]
[EventDate "2018.10.14"]
[EventType "team-tourn"]
[EventRounds "11"]
[EventCountry "CZE"]
[SourceTitle "EXT 2022"]
[Source "ChessBase"]
[SourceDate "2021.10.06"]
[SourceVersion "1"]
[SourceVersionDate "2021.10.06"]
[SourceQuality "1"]
[WhiteTeam "Hradec Kralove II"]
[BlackTeam "Jicin"]
[WhiteTeamCountry "CZE"]
[BlackTeamCountry "CZE"]

1. d4 d6 2. e4 g6 3. Nc3 Bg7 4. Be3 Nc6 5. f4 Nf6 6. h3 a6 7. g4 d5 8. e5 Ne4 9. Nxe4 dxe4 10. Ne2 f5 11. gxf5 Bxf5 12. Qd2 Qd5 13. Nc3 Qa5 14. Bg2 0-0-0 15. 0-0-0 e6 16. a3 g5 17. Qf2 gxf4 18. Bxf4 Rhf8 19. Qe3 Qb6 20. Na4 Qa5 21. Nc5 Qb6 22. Bg5 Rd5 23. c4 Nxd4 24. cxd5 Qxc5+ 25. Kb1 Qc2+ 26. Ka2 Qc4+ 27. Kb1 Qc2+ 28. Ka2 Qc4+ 1/2-1/2

[Event "CZE-chT2D 1617"]
[Site "Czech Republic"]
[Date "2016.12.11"]
[Round "5.6"]
[White "Vavra, Radim"]
[Black "Stepan, Michal"]
[Result "1/2-1/2"]
[WhiteElo "2090"]
[BlackElo "2087"]
[PlyCount "110"]
[EventDate "2016.10.09"]
[EventType "team-tourn"]
[EventRounds "11"]
[EventCountry "CZE"]
[SourceTitle "EXT 2022"]
[Source "ChessBase"]
[SourceDate "2021.10.06"]
[SourceVersion "1"]
[SourceVersionDate "2021.10.06"]
[SourceQuality "1"]
[WhiteTeam "Pardubice Rapid II"]
[BlackTeam "Hradec Kralove II"]
[WhiteTeamCountry "CZE"]
[BlackTeamCountry "CZE"]

1. e4 Nc6 2. Nf3 e6 3. d4 d5 4. Nc3 Bb4 5. exd5 exd5 6. Be2 a6 7. 0-0 Nge7 8. a3 Bd6 9. Re1 Bg4 10. Ne5 Bxe2 11. Rxe2 f6 12. Nxc6 bxc6 13. Re1 0-0 14. Qf3 g5 15. Ne2 Qd7 16. Ng3 Bxg3 17. hxg3 Nf5 18. Qd3 Nd6 19. Bd2 Qf5 20. Bb4 Rfe8 21. Bxd6 Qxd3 22. cxd3 cxd6 23. Rxe8+ Rxe8 24. Rc1 Rc8 25. Kf1 Kf7 26. Ke2 Ke6 27. b4 h5 28. Kf3 Kd7 29. Ke3 Re8+ 30. Kd2 Kc7 31. Rh1 Rh8 32. Re1 Kd7 33. Rh1 a5 34. Kc3 axb4+ 35. axb4 h4 36. gxh4 Rxh4 37. Ra1 Rh2 38. Ra7+ Ke6 39. Rc7 Rxg2 40. Rxc6 Rxf2 41. Rc7 g4 42. Rg7 Kf5 43. b5 Rh2 44. b6 Kf4 45. b7 Rh8 46. Kb4 f5 47. Kb5 g3 48. Kc6 Kf3 49. Kxd6 g2 50. Kxd5 f4 51. Ke5 Re8+ 52. Kf5 Rf8+ 53. Ke5 Kf2 54. b8Q Rxb8 55. Kxf4 Rf8+ 1/2-1/2

[Event "CZE-chT rap"]
[Site "Pardubice"]
[Date "2015.07.18"]
[Round "5.4"]
[White "Stepan, Michal"]
[Black "Lucovnik, Tilen"]
[Result "1-0"]
[WhiteElo "2109"]
[BlackElo "2031"]
[PlyCount "57"]
[EventDate "2015.07.16"]
[EventType "team-swiss"]
[EventRounds "7"]
[EventCountry "CZE"]
[SourceTitle "CBM 167 Extra"]
[Source "ChessBase"]
[SourceDate "2015.09.14"]
[SourceVersion "1"]
[SourceVersionDate "2015.09.14"]
[SourceQuality "1"]

1. d4 d5 2. Nc3 Nf6 3. e4 Nxe4 4. Nxe4 dxe4 5. Be3 e6 6. c3 Nd7 7. Nh3 c5 8. Ng5 Be7 9. Nxe4 cxd4 10. Qxd4 Nf6 11. Qxd8+ Kxd8 12. 0-0-0+ Kc7 13. Bf4+ Kb6 14. Nd6 Nd5 15. Be5 Bxd6 16. Bxd6 Rd8 17. Bg3 Bd7 18. Be2 Rac8 19. Rd4 Bc6 20. Rhd1 Rd7 21. f3 Rcd8 22. R1d3 f6 23. c4 Nb4 24. c5+ Kxc5 25. Rc4+ Kb5 26. a4+ Kxa4 27. Be1 a5 28. Ra3+ Kb5 29. Rxb4+ 1-0

[Event "CZE-chT rap"]
[Site "Pardubice"]
[Date "2013.07.12"]
[Round "2.5"]
[White "Meduna, Eduard"]
[Black "Stepan, Michal"]
[Result "1-0"]
[WhiteElo "2397"]
[BlackElo "2093"]
[PlyCount "151"]
[EventDate "2013.07.11"]
[EventType "team-swiss"]
[EventRounds "7"]
[EventCountry "CZE"]
[SourceTitle "CBM 155 Extra"]
[Source "ChessBase"]
[SourceDate "2013.08.26"]
[SourceVersion "1"]
[SourceVersionDate "2013.08.26"]
[SourceQuality "1"]

1. d4 Nf6 2. c4 c5 3. d5 e6 4. Nc3 exd5 5. cxd5 d6 6. Nf3 g6 7. Nd2 Bg7 8. e4 0-0 9. Be2 a6 10. a4 b6 11. 0-0 Re8 12. f3 Nbd7 13. Nc4 Ne5 14. Nxe5 Rxe5 15. Bf4 Re8 16. Be3 Ra7 17. Qd2 Rae7 18. Bg5 Re5 19. f4 Rxg5 20. fxg5 Nxe4 21. Nxe4 Rxe4 22. Bd3 Bd4+ 23. Kh1 Rh4 24. Rae1 Bb7 25. Re4 Rh5 26. Qf4 Bxd5 27. h3 Qd7 28. Qg3 Be5 29. Qe3 b5 30. axb5 axb5 31. b3 Kg7 32. Rf3 Bxe4 33. Bxe4 Bd4 34. Qf4 Qe6 35. Bd3 h6 36. gxh6+ Rxh6 37. Bxb5 Rh5 38. Bd3 d5 39. Qd2 Re5 40. b4 Re1+ 41. Bf1 Re4 42. Bd3 Re3 43. Rxe3 Bxe3 44. Qb2+ Bd4 45. Qd2 Qd6 46. bxc5 Qg3 47. c6 Be5 48. Kg1 Kh7 49. Bf1 d4 50. Qd3 Qh2+ 51. Kf2 Qf4+ 52. Qf3 Qxf3+ 53. Kxf3 f5 54. g4 Kh6 55. h4 Kg7 56. g5 Kf7 57. Bc4+ Ke7 58. Bd5 Bc7 59. Bg8 Kf8 60. Be6 Ke7 61. Bc8 Kd6 62. Bd7 Bd8 63. Be8 Bc7 64. Bxg6 Kxc6 65. Bxf5 Kd5 66. h5 Bd8 67. Kg4 Ke5 68. h6 Bf6 69. Bd3 Ke6 70. Kh5 Be5 71. Kg6 Bf4 72. Bc4+ Ke7 73. Kf5 Bxg5 74. Kxg5 d3 75. h7 d2 76. Bb3 1-0

[Event "Nachod op 11th"]
[Site "Nachod"]
[Date "2013.07.07"]
[Round "9"]
[White "Malaniuk, Vladimir P"]
[Black "Stepan, Michal"]
[Result "1-0"]
[WhiteElo "2529"]
[BlackElo "2093"]
[PlyCount "47"]
[EventDate "2013.06.29"]
[EventType "swiss"]
[EventRounds "9"]
[EventCountry "CZE"]
[SourceTitle "CBM 155 Extra"]
[Source "ChessBase"]
[SourceDate "2013.08.26"]
[SourceVersion "1"]
[SourceVersionDate "2013.08.26"]
[SourceQuality "1"]

1. d4 Nf6 2. Nf3 g6 3. c3 Bg7 4. Bg5 c5 5. e3 b6 6. Nbd2 0-0 7. a4 a5 8. Be2 d6 9. 0-0 Ba6 10. Bxa6 Nxa6 11. Bxf6 exf6 12. d5 f5 13. Nc4 Rb8 14. Ra3 Re8 15. Qd3 Re7 16. Rb3 Re4 17. Nfd2 Rh4 18. g3 Rg4 19. Kg2 Bf8 20. f4 b5 21. Rxb5 Rxb5 22. axb5 Nc7 23. b6 Ne8 24. h3 1-0

[Event "Nachod op 11th"]
[Site "Nachod"]
[Date "2013.07.04"]
[Round "6"]
[White "Kolibik, Jan"]
[Black "Stepan, Michal"]
[Result "0-1"]
[WhiteElo "1690"]
[BlackElo "2093"]
[PlyCount "74"]
[EventDate "2013.06.29"]
[EventType "swiss"]
[EventRounds "9"]
[EventCountry "CZE"]
[SourceTitle "CBM 155 Extra"]
[Source "ChessBase"]
[SourceDate "2013.08.26"]
[SourceVersion "1"]
[SourceVersionDate "2013.08.26"]
[SourceQuality "1"]

1. d4 d5 2. Nf3 Nc6 3. e3 Bg4 4. Bb5 e6 5. Nbd2 Nge7 6. 0-0 a6 7. Be2 f5 8. Ng5 Bxe2 9. Qxe2 Qd7 10. f4 g6 11. Nb3 b6 12. Bd2 Nc8 13. Bc3 h6 14. Nf3 Be7 15. a3 Nd6 16. Nbd2 Nf7 17. b4 g5 18. Bb2 Bf6 19. Rac1 Ne7 20. Ne5 Bxe5 21. dxe5 c5 22. Nb3 Qa7 23. c3 Ng6 24. g3 Rg8 25. Kh1 Rc8 26. b5 a5 27. a4 Rc7 28. c4 Qb7 29. Qg2 gxf4 30. gxf4 Rd7 31. h3 Nd8 32. Kh2 Rdg7 33. Qf3 dxc4 34. Nd2 Nh4 35. Qxb7 Nxb7 36. Nxc4 Rg2+ 37. Kh1 R8g3 0-1

[Event "Nachod op 11th"]
[Site "Nachod"]
[Date "2013.07.03"]
[Round "5"]
[White "Stepan, Michal"]
[Black "Karlik, Vladimir"]
[Result "0-1"]
[WhiteElo "2093"]
[BlackElo "2294"]
[PlyCount "78"]
[EventDate "2013.06.29"]
[EventType "swiss"]
[EventRounds "9"]
[EventCountry "CZE"]
[SourceTitle "CBM 155 Extra"]
[Source "ChessBase"]
[SourceDate "2013.08.26"]
[SourceVersion "1"]
[SourceVersionDate "2013.08.26"]
[SourceQuality "1"]

1. e4 g6 2. d4 Bg7 3. Nf3 d6 4. Bc4 Nf6 5. Nc3 0-0 6. Qe2 Bg4 7. e5 dxe5 8. dxe5 Nfd7 9. e6 Ne5 10. exf7+ Kh8 11. h4 Nbc6 12. h5 Nxf3+ 13. gxf3 Bxh5 14. Rxh5 gxh5 15. f4 e6 16. Bd3 Nb4 17. Bxh7 Qh4 18. Qxe6 Qf6 19. Qe4 Rxf7 20. Be3 Qc6 21. Qxc6 bxc6 22. Be4 Re7 23. Bg6 Bxc3+ 24. bxc3 Nd5 25. Bxh5 Nxe3 26. fxe3 Rxe3+ 27. Kf2 Rxc3 28. Bg6 Rf8 29. f5 Rxc2+ 30. Kf3 Kg7 31. Kf4 Kf6 32. Re1 Rc4+ 33. Kf3 Rd8 34. Re6+ Kg5 35. Bh7 Rd3+ 36. Ke2 Rh3 37. Rg6+ Kf4 38. f6 Rxh7 39. Rg7 Rxg7 0-1

[Event "Nachod op 11th"]
[Site "Nachod"]
[Date "2013.07.01"]
[Round "3"]
[White "Stepan, Michal"]
[Black "Kuciel, Wladyslaw"]
[Result "1-0"]
[WhiteElo "2093"]
[BlackElo "1986"]
[PlyCount "59"]
[EventDate "2013.06.29"]
[EventType "swiss"]
[EventRounds "9"]
[EventCountry "CZE"]
[SourceTitle "CBM 155 Extra"]
[Source "ChessBase"]
[SourceDate "2013.08.26"]
[SourceVersion "1"]
[SourceVersionDate "2013.08.26"]
[SourceQuality "1"]

1. d4 Nf6 2. Nc3 d5 3. e4 dxe4 4. f3 Bf5 5. fxe4 Nxe4 6. Qf3 Nd6 7. Bf4 e6 8. 0-0-0 Nd7 9. g4 Bg6 10. Bg2 Be7 11. Kb1 0-0 12. Qe2 c6 13. h4 h6 14. g5 h5 15. Bf3 Qa5 16. Bxh5 Bxh5 17. Qxh5 Nc4 18. Rd3 e5 19. Bc1 exd4 20. Ne4 Qd5 21. Ng3 Nc5 22. Rf3 g6 23. Qh6 Rfe8 24. Nh5 gxh5 25. g6 fxg6 26. Qxg6+ Kh8 27. Rf7 Qxf7 28. Qxf7 Ne3 29. Nf3 Bf8 30. Rg1 1-0

[Event "CZE-chT2D 1213"]
[Site "Czech Republic"]
[Date "2013.02.03"]
[Round "8.6"]
[White "Stepan, Michal"]
[Black "Petuchov, Sergej"]
[Result "1/2-1/2"]
[WhiteElo "2086"]
[BlackElo "2163"]
[PlyCount "75"]
[EventDate "2012.10.14"]
[EventType "team-tourn"]
[EventRounds "11"]
[EventCountry "CZE"]
[SourceTitle "EXT 2016"]
[Source "ChessBase"]
[SourceDate "2015.10.08"]
[SourceVersion "1"]
[SourceVersionDate "2015.10.08"]
[SourceQuality "1"]
[WhiteTeam "Nachod"]
[BlackTeam "Pardubice Rapid II"]
[WhiteTeamCountry "CZE"]
[BlackTeamCountry "CZE"]

1. d4 Nf6 2. Nc3 d6 3. e4 Nbd7 4. Nf3 e5 5. Bc4 Be7 6. 0-0 0-0 7. Re1 c6 8. a4 Qc7 9. h3 h6 10. Nh4 exd4 11. Qxd4 Ne5 12. Ba2 Nh7 13. Nf5 Bxf5 14. exf5 Bf6 15. Qe3 d5 16. Bxd5 cxd5 17. Nxd5 Qc6 18. Qxe5 Rae8 19. Nxf6+ Nxf6 20. Qa5 Qxc2 21. Be3 Rd8 22. g4 Qc6 23. Ra3 Rfe8 24. Qc3 Qd5 25. Rc1 Ne4 26. Qc4 Qe5 27. Rb3 Re7 28. Rb5 Qf6 29. Rd5 Rde8 30. Qd4 Qh4 31. Rd8 Qxh3 32. Rcc8 Qxg4+ 33. Kf1 Ng3+ 34. Kg2 Ne4+ 35. Kf1 Ng3+ 36. Kg2 Ne4+ 37. Kf1 Ng3+ 38. Kg2 1/2-1/2

[Event "CZE-chT2D 1213"]
[Site "Czech Republic"]
[Date "2012.11.04"]
[Round "2.6"]
[White "Bujnoch, Radek"]
[Black "Stepan, Michal"]
[Result "1-0"]
[WhiteElo "2207"]
[BlackElo "2086"]
[PlyCount "69"]
[EventDate "2012.10.14"]
[EventType "team-tourn"]
[EventRounds "11"]
[EventCountry "CZE"]
[SourceTitle "EXT 2016"]
[Source "ChessBase"]
[SourceDate "2015.10.08"]
[SourceVersion "1"]
[SourceVersionDate "2015.10.08"]
[SourceQuality "1"]
[WhiteTeam "Chrudim"]
[BlackTeam "Nachod"]
[WhiteTeamCountry "CZE"]
[BlackTeamCountry "CZE"]

1. e4 c5 2. c3 d5 3. exd5 Qxd5 4. d4 e5 5. dxe5 Qxd1+ 6. Kxd1 Nc6 7. Nf3 Bf5 8. Bf4 0-0-0+ 9. Nbd2 Nge7 10. Bc4 Nd5 11. Bg3 Be7 12. Re1 g5 13. Bb3 h5 14. h4 g4 15. Nh2 Bf8 16. Nhf1 Bh6 17. Ne3 Bxe3 18. fxe3 Be4 19. Ke2 Bxg2 20. Rg1 Bf3+ 21. Nxf3 gxf3+ 22. Kxf3 Na5 23. Bc2 Nc4 24. Bf5+ Kb8 25. e6+ Ka8 26. exf7 Ndxe3 27. Bg6 Ng4 28. Rge1 Nf6 29. Re6 Nd5 30. Rd1 Nxb2 31. Rxd5 Rxd5 32. Bc7 Nc4 33. Re8+ Rd8 34. Bxd8 Ne5+ 35. Rxe5 1-0

[Event "Nachod op"]
[Site "Nachod"]
[Date "2009.07.11"]
[Round "8"]
[White "Furman, Boris"]
[Black "Stepan, Michal"]
[Result "1-0"]
[WhiteElo "2224"]
[BlackElo "2090"]
[PlyCount "61"]
[EventDate "2009.07.04"]
[EventType "swiss"]
[EventRounds "9"]
[EventCountry "CZE"]
[SourceTitle "CBM 131 Extra"]
[Source "ChessBase"]
[SourceDate "2009.09.03"]
[SourceVersion "2"]
[SourceVersionDate "2009.09.16"]
[SourceQuality "1"]

1. d4 Nf6 2. c4 g6 3. Nc3 Bg7 4. Nf3 0-0 5. Bg5 d6 6. e3 Nbd7 7. Be2 h6 8. Bh4 g5 9. Bg3 Nh5 10. Nd2 Nxg3 11. hxg3 c6 12. Qc2 a5 13. 0-0 f5 14. d5 Nc5 15. Nb3 Bxc3 16. Qxc3 Ne4 17. Qc2 Bd7 18. Rad1 Qc7 19. Qb1 cxd5 20. cxd5 Ba4 21. Bd3 Nc5 22. Bxf5 Nxb3 23. axb3 Bxb3 24. Rc1 Qd8 25. Qe4 Rf6 26. Rc3 a4 27. Rfc1 Qa5 28. Rc8+ Rxc8 29. Rxc8+ Kg7 30. Qxe7+ Rf7 31. Qe6 1-0

[Event "Nachod op"]
[Site "Nachod"]
[Date "2009.07.08"]
[Round "5"]
[White "Stepan, Michal"]
[Black "Cerveny, Petr"]
[Result "0-1"]
[WhiteElo "2090"]
[BlackElo "2318"]
[PlyCount "56"]
[EventDate "2009.07.04"]
[EventType "swiss"]
[EventRounds "9"]
[EventCountry "CZE"]
[SourceTitle "CBM 131 Extra"]
[Source "ChessBase"]
[SourceDate "2009.09.03"]
[SourceVersion "2"]
[SourceVersionDate "2009.09.16"]
[SourceQuality "1"]

1. d4 g6 2. e4 Bg7 3. Nc3 a6 4. f4 b5 5. a3 Bb7 6. Nf3 d6 7. Bd3 Nd7 8. e5 Nh6 9. 0-0 0-0 10. Ne4 c5 11. c3 Qb6 12. Kh1 Bd5 13. dxc5 Nxc5 14. Be3 Qc6 15. Nxc5 dxc5 16. Qe2 c4 17. Bc2 e6 18. Rad1 Rfd8 19. Ng5 Rd7 20. Bd4 Nf5 21. Ne4 Rad8 22. Kg1 Bxe4 23. Bxe4 Nxd4 24. Rxd4 Qb6 25. Rfd1 Rxd4 26. cxd4 Rxd4 27. Kf1 Rxd1+ 28. Qxd1 Qe3 0-1

[Event "Nachod op"]
[Site "Nachod"]
[Date "2006.07.04"]
[Round "4"]
[White "Stepan, Michal"]
[Black "Jirasek, Pavel"]
[Result "0-1"]
[WhiteElo "2020"]
[BlackElo "2177"]
[PlyCount "60"]
[EventDate "2006.07.01"]
[EventType "swiss"]
[EventRounds "9"]
[EventCountry "CZE"]
[SourceTitle "CBM 113 Extra"]
[Source "ChessBase"]
[SourceDate "2006.09.14"]
[SourceVersion "1"]
[SourceVersionDate "2006.09.14"]
[SourceQuality "1"]

1. d4 Nf6 2. Nc3 d5 3. e4 Nxe4 4. Nxe4 dxe4 5. Bc4 Nd7 6. Bf4 e6 7. Nh3 Bd6 8. Be3 0-0 9. 0-0 Nb6 10. Bb3 a5 11. a4 Nd5 12. c4 Nxe3 13. fxe3 e5 14. c5 Be7 15. Rxf7 Rxf7 16. Qf1 Qe8 17. Qc4 Ra6 18. Rf1 Be6 19. Qxe6 Rxe6 20. Bxe6 Bf6 21. d5 Kf8 22. b3 c6 23. g4 cxd5 24. Bxd5 Rd7 25. Bxe4 h6 26. c6 bxc6 27. Bxc6 Qc8 28. Bb5 Rd2 29. Nf2 Qc5 30. Re1 Rxf2 0-1

[Event "Nachod op"]
[Site "Nachod"]
[Date "2006.07.02"]
[Round "2"]
[White "Stepan, Michal"]
[Black "Voloshin, Leonid"]
[Result "0-1"]
[WhiteElo "2020"]
[BlackElo "2432"]
[PlyCount "82"]
[EventDate "2006.07.01"]
[EventType "swiss"]
[EventRounds "9"]
[EventCountry "CZE"]
[SourceTitle "CBM 113 Extra"]
[Source "ChessBase"]
[SourceDate "2006.09.14"]
[SourceVersion "1"]
[SourceVersionDate "2006.09.14"]
[SourceQuality "1"]

1. d4 b5 2. e4 Bb7 3. Bd3 e6 4. Qe2 a6 5. Nf3 c5 6. dxc5 Bxc5 7. 0-0 Nc6 8. c3 b4 9. Nbd2 bxc3 10. bxc3 e5 11. Rb1 Qc7 12. Nc4 d6 13. Be3 Ra7 14. Ng5 Nf6 15. f4 h6 16. fxe5 Nxe5 17. Nxe5 dxe5 18. Bb5+ axb5 19. Qxb5+ Nd7 20. Bxc5 Qxc5+ 21. Qxc5 Nxc5 22. Nxf7 0-0 23. Nxe5 Rxf1+ 24. Kxf1 Rxa2 25. c4 Bxe4 26. Rb8+ Kh7 27. Rc8 Nd3 28. Nd7 Bxg2+ 29. Kg1 g5 30. h4 gxh4 31. Nf6+ Kg6 32. Rg8+ Kxf6 33. Rxg2 Rxg2+ 34. Kxg2 Nf4+ 35. Kf3 h3 36. c5 Ke5 37. Kg3 Kd5 38. Kxf4 h2 39. Kf5 h1Q 40. Kg6 Kxc5 41. Kf7 h5 0-1

[Event "Hradec Kralove Region-chT 0506"]
[Site "Czech Republic"]
[Date "2006.04.02"]
[Round "11.1"]
[White "Stepan, Michal"]
[Black "Jirasek, Pavel"]
[Result "1-0"]
[WhiteElo "2020"]
[BlackElo "2169"]
[PlyCount "115"]
[EventDate "2005.10.23"]
[EventType "team-tourn"]
[EventRounds "11"]
[EventCountry "CZE"]
[SourceTitle "EXT 2024"]
[Source "ChessBase"]
[SourceDate "2023.10.10"]
[SourceVersion "1"]
[SourceVersionDate "2023.10.10"]
[SourceQuality "1"]
[WhiteTeam "Broumov Slovan"]
[BlackTeam "Lipa"]
[WhiteTeamCountry "CZE"]
[BlackTeamCountry "CZE"]

1. d4 Nf6 2. Nc3 c5 3. d5 e6 4. e4 d6 5. Nf3 exd5 6. exd5 Bg4 7. Be2 Be7 8. 0-0 0-0 9. Nd2 Bxe2 10. Qxe2 Re8 11. Qf3 Nbd7 12. Nc4 Nb6 13. Ne3 Nfd7 14. Nf5 Bf6 15. Ne4 Be5 16. Qg4 g6 17. Nh6+ Kg7 18. Ng5 Nf6 19. Qh4 Re7 20. Nhxf7 Rxf7 21. Ne6+ Kg8 22. Nxd8 Rxd8 23. c4 Bd4 24. Be3 Bxb2 25. Rab1 Be5 26. f4 Bc3 27. Rb3 Bb4 28. f5 gxf5 29. Rxf5 Nbd7 30. Bc1 Re8 31. Rg3+ Kf8 32. Qh6+ Ke7 33. Re3+ Kd8 34. Re6 Bc3 35. Bg5 Ref8 36. Qh3 Bd4+ 37. Kh1 Kc7 38. Qa3 Nxd5 39. Rxf7 Rxf7 40. g3 N5b6 41. Qxa7 Nxc4 42. Qa8 Rf8 43. Re8 Rf1+ 44. Kg2 Rf2+ 45. Kh3 Ndb6 46. Bd8+ Kc6 47. Qa5 Rb2 48. Re7 Bg1 49. Rd7 Kxd7 50. Bxb6 Kc6 51. Bd8 Rxh2+ 52. Kg4 h5+ 53. Kg5 Be3+ 54. Kg6 Kd5 55. Qb5 Ke4 56. Qxb7+ d5 57. Qb1+ Kf3 58. Qf5+ 1-0

[Event "Hradec Kralove Region-chT 0506"]
[Site "Czech Republic"]
[Date "2006.03.19"]
[Round "10.1"]
[White "Fiser, Martin"]
[Black "Stepan, Michal"]
[Result "1-0"]
[WhiteElo "1973"]
[BlackElo "2020"]
[PlyCount "121"]
[EventDate "2005.10.23"]
[EventType "team-tourn"]
[EventRounds "11"]
[EventCountry "CZE"]
[SourceTitle "EXT 2024"]
[Source "ChessBase"]
[SourceDate "2023.10.10"]
[SourceVersion "1"]
[SourceVersionDate "2023.10.10"]
[SourceQuality "1"]
[WhiteTeam "Lipa III"]
[BlackTeam "Broumov Slovan"]
[WhiteTeamCountry "CZE"]
[BlackTeamCountry "CZE"]

1. Nc3 g6 2. Nf3 Bg7 3. e4 d6 4. d4 Nd7 5. Bc4 Nb6 6. Be2 c6 7. h3 a6 8. Bg5 h6 9. Be3 d5 10. e5 e6 11. b3 Ne7 12. Qd3 c5 13. Rd1 Nd7 14. dxc5 Nc6 15. 0-0 Ndxe5 16. Nxe5 Nxe5 17. Qd2 Nc6 18. Na4 g5 19. c3 Ne7 20. Nb6 Rb8 21. f4 gxf4 22. Bxf4 e5 23. Bg3 Be6 24. Bg4 Qc7 25. b4 0-0 26. Bh4 f5 27. Bxe7 Qxe7 28. Nxd5 Qh4 29. Be2 Rbd8 30. c4 Kh8 31. a3 Rg8 32. Qe1 Qg5 33. Qf2 Rd7 34. Nb6 Rd4 35. Rxd4 exd4 36. Qf4 Qxf4 37. Rxf4 Be5 38. Rf1 f4 39. Kh1 Bf5 40. Rd1 Be4 41. Bf3 Bc2 42. Re1 Bg7 43. Re6 d3 44. Rd6 Re8 45. Bxb7 Re1+ 46. Kh2 f3 47. Rd8+ Kh7 48. Bxf3 Be5+ 49. g3 Re2+ 50. Kg1 Bxg3 51. c6 Re7 52. Nd5 Rf7 53. Rd7 Rxd7 54. cxd7 Bh4 55. c5 d2 56. Ne3 Ba4 57. c6 Bd8 58. Kf2 Bb6 59. Ke2 Bxc6 60. Bxc6 Bxe3 61. d8Q 1-0